[Event "Aeroflot Open"]
[Site "Moscow RUS"]
[Date "2005.02.19"]
[Round "5"]
[White "Zvjaginsev,V"]
[Black "Karjakin,Sergey"]
[Result "1/2-1/2"]
[WhiteElo "2653"]
[BlackElo "2599"]

1.e4 c5 2.Nf3 d6 3.Bb5+ Bd7 4.Bxd7+ Qxd7 5.O-O Nf6 6.Qe2 Nc6 7.Rd1 g6 8.b3 Bg7
9.Bb2 O-O 10.d4 cxd4 11.Nxd4 a6 12.c4 Rac8 13.Nxc6 Qxc6 14.Nc3 e6 15.Rd2 Rfd8
16.Rad1 Rd7 17.g3 Rcd8  1/2-1/2

[Event "Open"]
[Site "Portsmouth ENG"]
[Date "2005.02.19"]
[Round "4"]
[White "Radovanovic,J"]
[Black "Lappage,J"]
[Result "0-1"]
[WhiteElo "2329"]
[BlackElo "2173"]

1.e4 c5 2.Nf3 d6 3.Bb5+ Bd7 4.Bxd7+ Qxd7 5.c4 e5 6.O-O g6 7.Nc3 Bg7 8.d3 Ne7
9.Rb1 Nbc6 10.Nd5 O-O 11.a3 f5 12.b4 f4 13.bxc5 dxc5 14.Rb5 b6 15.Bb2 Nc8
16.a4 Nd6 17.Rb3 Nb7 18.Bc3 Rae8 19.Rb2 Bf6 20.h3 Bd8 21.Nh2 h5 22.Qf3 Bh4
23.Rd1 Rf7 24.Qe2 Bd8 25.Rdb1 Re6 26.Kf1 Rh7 27.Ke1 g5 28.Kd1 Rg6 29.f3 Bf6
30.Ra1 Bh8 31.Kc2 Rf7 32.Kc1 Rf8 33.Kd1 Nba5 34.Rb5 Nb7 35.Rb2 Re6 36.Rb5 Ree8
37.Rb2 Rb8 38.Ke1 Nba5 39.Kf1 Rb7 40.Qc2 Rfb8 41.Rab1 Kf7 42.Rb5 Bf6 43.Qa2 Bd8
44.R5b2 Bc7 45.Rb5 Bd6 46.R5b2 Kg6 47.Ke2 Nb4 48.Qa1 Nac6 49.Qa3 a6 50.Qb3 b5
51.axb5 axb5 52.Ra1 bxc4 53.Qxc4 Nxd5 54.exd5 Rxb2+ 55.Bxb2 Rxb2+ 56.Kf1 Nd4
57.Ra6 Rc2  0-1

[Event "Aeroflot Open"]
[Site "Moscow RUS"]
[Date "2005.02.20"]
[Round "6"]
[White "Malakhov,V"]
[Black "Areshchenko,A"]
[Result "1-0"]
[WhiteElo "2664"]
[BlackElo "2570"]

1.e4 c5 2.Nf3 d6 3.Bb5+ Bd7 4.Bxd7+ Qxd7 5.O-O Nf6 6.Qe2 Nc6 7.Rd1 Qg4 8.d3 Ne5
9.Nbd2 e6 10.h3 Qh5 11.d4 Nxf3+ 12.Nxf3 cxd4 13.e5 dxe5 14.Qb5+ Nd7 15.Rxd4 Rd8
16.Rxd7 Rxd7 17.g4  1-0

[Event "OCF Winter"]
[Site "Stillwater USA"]
[Date "2005.02.21"]
[Round "7"]
[White "Curdo,J"]
[Black "Langer,M USA"]
[Result "1-0"]
[WhiteElo "2257"]
[BlackElo "2259"]

1.e4 c5 2.Nf3 d6 3.Bb5+ Nd7 4.d4 Nf6 5.e5 dxe5 6.dxe5 Qa5+ 7.Nc3 Ne4 8.e6 fxe6
9.Bd2 Nxd2 10.Qxd2 a6 11.Bxd7+ Bxd7 12.Ne5 Qc7 13.O-O-O Qxe5 14.Qxd7+ Kf7
15.Rhe1 Qf4+ 16.Re3 Kg8 17.Qxb7 Rb8 18.Qxa6 g6 19.Qxe6+ Qf7 20.Qe5 Re8 21.Rf3 Qc4
22.Nd5 h5 23.Qe6+  1-0

[Event "Aeroflot Open B"]
[Site "Moscow RUS"]
[Date "2005.02.23"]
[Round "9"]
[White "Ulibin,M"]
[Black "Magalashvili,D"]
[Result "1/2-1/2"]
[WhiteElo "2535"]
[BlackElo "2423"]

1.e4 c5 2.Nf3 d6 3.Bb5+ Bd7 4.Bxd7+ Qxd7 5.c4 Nc6 6.Nc3 Nf6 7.d4 cxd4 8.Nxd4 g6
9.O-O Bg7 10.Nde2 O-O 11.f3  1/2-1/2

[Event "76th ch-GER"]
[Site "Altenkirchen GER"]
[Date "2005.02.24"]
[Round "7"]
[White "Fish,G"]
[Black "Degtiarev,E"]
[Result "1-0"]
[WhiteElo "2523"]
[BlackElo "2297"]

1.e4 c5 2.Nf3 d6 3.Bb5+ Bd7 4.Bxd7+ Qxd7 5.c4 Nc6 6.Nc3 e5 7.d3 g6 8.Nd5 Bg7
9.Qa4 Nd4 10.Qa5 Nc6 11.Qa4 Nd4 12.Qxd7+ Kxd7 13.Nxd4 cxd4 14.f4 Ne7 15.Nxe7 Kxe7
16.O-O exf4 17.Bxf4 Be5 18.a4 Rac8 19.Ra3 f6 20.Rb3 Rc7 21.Rb5 Ke6 22.b4 Rd8
23.Bg3 h5 24.Rd5 Ra8 25.Rb1 b6 26.Bf2 a6 27.Bxd4 Bxd4+ 28.Rxd4 Rb8 29.Kf2 Ke7
30.Ke3 Ke6 31.Rb2 Ra7 32.Rd5 Rc7 33.Kd4 Ke7 34.a5 Ke6 35.Kc3 Kd7 36.axb6 Rxb6
37.Ra2 Kc8 38.Ra4 Kb7 39.Rda5 h4 40.Kd4 Rc8 41.h3 Re8 42.Kc3 Re5 43.Ra2 Rc6
44.Rf2 Re6 45.Rf4 g5 46.Rf2  1-0

[Event "12th Metalis Open"]
[Site "Bizovac CRO"]
[Date "2005.02.24"]
[Round "1"]
[White "Huis,D"]
[Black "Cebalo,M"]
[Result "0-1"]
[WhiteElo "2107"]
[BlackElo "2519"]

1.e4 c5 2.Nf3 d6 3.Bb5+ Nd7 4.d4 Nf6 5.Nc3 cxd4 6.Qxd4 e5 7.Qd3 h6 8.O-O Be7
9.a4 O-O 10.Bxd7 Bxd7 11.Nd2 Be6 12.Nc4 Rc8 13.Ne3 a6 14.Ncd5 Nxd5 15.exd5 Bd7
16.Nf5 b5 17.axb5 axb5 18.Ra7 Bxf5 19.Qxf5 Rc7 20.Rxc7 Qxc7 21.h3 Qc5 22.Rd1 Rc8
23.c3 Rc7 24.Qg4 Qc4 25.Be3 g6 26.Qxc4 bxc4 27.Ra1 h5 28.Ra7 Rxa7 29.Bxa7 Kf8
30.Kf1 Bg5 31.Be3 Bxe3 32.fxe3 e4 33.Ke2 Ke7 34.Kd2 h4 35.Kc2 f5 36.b4 cxb3+
37.Kxb3 g5 38.Kc2 f4 39.exf4 gxf4 40.c4 Kf6  0-1

[Event "3rd Breizh Masters Women"]
[Site "Guingamp FRA"]
[Date "2005.02.24"]
[Round "7"]
[White "Le Diouron,A"]
[Black "Choisy,M"]
[Result "1/2-1/2"]
[WhiteElo "1994"]
[BlackElo "2058"]

1.e4 c5 2.Nf3 d6 3.Bb5+ Bd7 4.Bxd7+ Qxd7 5.O-O g6 6.c3 Nf6 7.Re1 Bg7 8.d4 O-O
9.Bg5 Qc7 10.e5 dxe5 11.dxe5 Ng4 12.Qa4 Nxe5 13.Nxe5 Bxe5 14.f4 Bd6 15.Na3 Nc6
16.Nb5 Qb8 17.Nxd6 Qxd6 18.Rad1 Qc7 19.f5 Rad8 20.Rxd8 Qxd8 21.Qb5 Qd5 22.Bxe7 Nxe7
23.Rxe7 Qxf5 24.Rxb7 Qb1+ 25.Kf2 Rd8 26.Rb8 Qc2+ 27.Kg3 Qd2 28.Rxd8+ Qxd8
29.Qxc5 Qb8+ 30.Kf3 Qxb2 31.Qxa7 Qxc3+ 32.Kf2 Qd2+ 33.Kf3 Qd5+ 34.Kf2 Qd2+
35.Kf3 h5 36.a4 Qd5+ 37.Kf2 Qd2+ 38.Kf3 Qd5+ 39.Kf2 Qd4+  1/2-1/2

[Event "VIII Malaga Open"]
[Site "Campillos ESP"]
[Date "2005.02.26"]
[Round "9"]
[White "Fernandez Siles,L"]
[Black "Slaby,J"]
[Result "1/2-1/2"]
[WhiteElo "2280"]
[BlackElo "2401"]

1.e4 c5 2.Nf3 d6 3.Bb5+ Nc6 4.d4 cxd4 5.Qxd4 Bd7 6.Bxc6 Bxc6 7.Nc3 Nf6 8.Bg5 e6
9.O-O-O Be7 10.Qd3 Qa5 11.h4 h6 12.Bd2 Qa6 13.Nd4 Qxd3 14.cxd3 Rc8 15.f3 g6
16.Nxc6 bxc6 17.Ne2 d5 18.Bc3 h5 19.f4 Rg8 20.Bxf6 Bxf6 21.e5 Be7 22.d4 c5
23.dxc5 Rxc5+ 24.Kd2 f6 25.exf6 Bxf6 26.Rc1 Rxc1 27.Rxc1 Kd7 28.g3 Rb8 29.b3 Kd6
30.Kd3 a5 31.Rc2 Rb4 32.Rc8 a4 33.Rg8 axb3 34.axb3 Rxb3+ 35.Kd2 Ke7 36.Rxg6 d4
37.Rh6 Rb5 38.Rh7+ Kf8 39.Rd7 Ke8 40.Rh7 Ra5 41.Kd3 Kf8 42.Rd7 Ra3+ 43.Kd2 Kg8
44.Nxd4 Bxd4 45.Rxd4 Rxg3 46.Rd7  1/2-1/2

[Event "VIII Malaga Open"]
[Site "Campillos ESP"]
[Date "2005.02.26"]
[Round "9"]
[White "Colovic,A"]
[Black "Arizmendi Martinez,J"]
[Result "1/2-1/2"]
[WhiteElo "2404"]
[BlackElo "2509"]

1.e4 c5 2.Nf3 d6 3.Bb5+ Bd7 4.Bxd7+ Qxd7 5.O-O Nc6 6.c3 Nf6 7.Re1 e6 8.d4 cxd4
9.cxd4 d5 10.e5 Ne4 11.Nbd2 Nxd2 12.Bxd2 Be7 13.Rc1 O-O 14.Rc3 Rfc8 15.h4 Bf8
16.a3 b5 17.Rd3 b4 18.Ng5 h6 19.Nh3 bxa3 20.bxa3 Ne7 21.g4 Rc4 22.Bb4 Rac8
23.Nf4 Ng6 24.Nxg6 Bxb4 25.axb4 fxg6 26.b5 h5 27.Rf3 Rb4 28.Qd3 Kh7 29.Ra1 Rcc4
30.Rf4 Qb7 31.Kg2 Qb6 32.Rd1 a5 33.Qg3 Rb3 34.Rd3 Rxd3 35.Qxd3 a4 36.Qh3 Rxd4
37.Qc3 Rc4 38.Qe1 Rc7 39.Rf8 Qd4  1/2-1/2

[Event "XI Anibal Open"]
[Site "Linares ESP"]
[Date "2005.02.26"]
[Round "2"]
[White "Vuilleumier,A"]
[Black "Cheparinov,I"]
[Result "0-1"]
[WhiteElo "2280"]
[BlackElo "2572"]

1.e4 c5 2.Nf3 d6 3.Bb5+ Nd7 4.d4 Nf6 5.Nc3 a6 6.Bxd7+ Nxd7 7.d5 g6 8.h4 Nf6
9.Bg5 Bg7 10.Qd2 h6 11.Bf4 Ng4 12.Nd1 b5 13.c3 Nf6 14.Qc2 e6 15.dxe6 Bxe6
16.Ne3 Qb6 17.O-O O-O 18.Rad1 Rad8 19.c4 Rfe8 20.Bxd6 Ng4 21.Bf4 Nxe3 22.Bxe3 bxc4
23.Rxd8 Rxd8 24.e5 Rb8 25.Rc1 Qxb2 26.Bxc5 Bd5 27.Bd6 Qxc2 28.Rxc2 Rc8 29.Nd2 f6
30.exf6 Bxf6 31.Bf4 g5 32.hxg5 hxg5 33.Be3 c3 34.Nb3 Be4 35.Rc1 c2 36.Bd4 Bxd4
37.Nxd4 Rd8 38.Nb3 Rd1+ 39.Kh2 a5 40.a4 Bd5 41.Rxc2 Bxb3 42.Rc3 Be6 43.Rg3 g4
44.f3 Rd4 45.fxg4 Rxa4 46.Re3 Bxg4 47.Re7 Rd4 48.Ra7 a4 49.Kg3 Bd7 50.Kf2 Kf7
51.Ke3 Rd6  0-1

[Event "6th Karpov"]
[Site "Poikovsky RUS"]
[Date "2005.02.28"]
[Round "3"]
[White "Rublevsky,S"]
[Black "Sadvakasov,D"]
[Result "1-0"]
[WhiteElo "2650"]
[BlackElo "2635"]

1.e4 c5 2.Nf3 d6 3.Bb5+ Bd7 4.Bxd7+ Qxd7 5.O-O Nc6 6.c3 Nf6 7.Qe2 e6 8.d4 cxd4
9.cxd4 d5 10.e5 Ne4 11.Be3 Be7 12.Ne1 f6 13.f3 Ng5 14.Nd3 O-O 15.Bf2 b6 16.Nc3 Nf7
17.Rac1 Rac8 18.Rfd1 fxe5 19.dxe5 Nh6 20.Qd2 Na5 21.Ne2 Nf5 22.Rxc8 Rxc8
23.Rc1 Rxc1+ 24.Qxc1 Bf8 25.b3 Nc6 26.Qc3 Na5 27.h4 g6 28.g4 Ne7 29.Qd2 h6
30.Be3 Kh7 31.h5 gxh5 32.Nef4 hxg4 33.Nh5 Qc7 34.fxg4 Nac6 35.Nf6+ Kg6 36.Ne8 Qb8
37.Qh2 Kf7 38.Nd6+ Kg8 39.Qh5 Bg7 40.Qf7+ Kh8 41.Ne8 Bxe5 42.Bxh6  1-0

[Event "XI Anibal Open"]
[Site "Linares ESP"]
[Date "2005.03.02"]
[Round "7"]
[White "Sorokin,M"]
[Black "Cheparinov,I"]
[Result "1/2-1/2"]
[WhiteElo "2578"]
[BlackElo "2572"]

1.Nf3 c5 2.e4 d6 3.Bb5+ Nc6 4.O-O Bd7 5.Re1 Nf6 6.h3 a6 7.Bf1 e5 8.c3 Be7
9.d4 Qc7 10.d5 Na5 11.Nbd2 b5 12.b4 Nb7 13.Rb1 c4 14.g3 O-O 15.Bg2 a5 16.a3 axb4
17.axb4 Ra2 18.Nf1 g6 19.Bh6 Rfa8 20.N3d2 Nh5 21.Rc1 Qc8 22.Kh2 Bf8 23.Be3 Bg7
24.Nf3  1/2-1/2

[Event "XI Anibal Open"]
[Site "Linares ESP"]
[Date "2005.03.02"]
[Round "7"]
[White "Fenollar Jorda,M"]
[Black "Aloma Vidal,R"]
[Result "1/2-1/2"]
[WhiteElo "2226"]
[BlackElo "2329"]

1.e4 c5 2.Nf3 d6 3.Bb5+ Nd7 4.c4 Nf6 5.Nc3 a6 6.Bxd7+ Bxd7 7.O-O Bc6 8.Re1 e5
9.d3 h6 10.Nd2 g6 11.Nf1 Bg7 12.Ne3 O-O 13.a3 Ne8 14.g4 Nc7 15.b4 Ne6 16.Ncd5 Kh7
17.Ra2 Bf6 18.Nxf6+ Qxf6 19.Nd5 Qh4 20.Kh1 f5 21.gxf5 gxf5 22.f3 a5 23.bxc5 Nxc5
24.Rae2 Qh3 25.Rg2 fxe4 26.Rg3 Qh5 27.fxe4 Qxd1 28.Rxd1 Bxd5 29.exd5 Rg8
30.Be3 Rxg3 31.hxg3 Nb3 32.Kg2 h5 33.a4 Rg8 34.Rb1 Nd4 35.Rxb7+ Kg6 36.Bxd4 exd4
37.Rd7 Kf5 38.Kf3 Re8 39.Rxd6 Re3+ 40.Kf2 Rxd3 41.c5 Rc3 42.c6 Ke4 43.Rd8 d3
44.d6 Rc2+ 45.Ke1 d2+ 46.Ke2 Rxc6 47.Kxd2 Ke5 48.Ke3 Rc3+ 49.Kf2 Ke6 50.Rh8 Rc4
51.Rxh5 Rxa4 52.Rd5 Kd7 53.Kf3 Ra1 54.g4 a4 55.g5 a3 56.Kg2 a2 57.Ra5 Rb1
58.Rxa2  1/2-1/2

[Event "ch-RUS u20"]
[Site "Nojabrsk RUS"]
[Date "2005.03.05"]
[Round "4"]
[White "Novikov,S"]
[Black "Andreikin,D"]
[Result "1-0"]
[WhiteElo "2514"]
[BlackElo "2472"]

1.e4 c5 2.Nf3 d6 3.Bb5+ Bd7 4.Bxd7+ Qxd7 5.O-O Nf6 6.e5 dxe5 7.Nxe5 Qc7 8.d4 cxd4
9.Bf4 Qd8 10.c3 Nc6 11.Qb3 Nxe5 12.Bxe5 Qd5 13.Qa4+ Qd7 14.Qxd4 Qxd4 15.Bxd4 Nd7
16.Nd2 e5 17.Be3 Bc5 18.Rad1 Bxe3 19.fxe3 Nb6 20.Ne4 Ke7 21.Nd6 Rhd8 22.Nxb7 Rxd1
23.Rxd1 Na4 24.Rd5 Nxb2 25.Rxe5+ Kf6 26.Rd5 Nc4 27.Kf2 Rb8 28.Rb5 Re8 29.Nc5 Nxe3
30.Nd7+ Kg6 31.Kf3 Nc4 32.Kf4 f6 33.Rc5 Nd2 34.Rc7 a5 35.Nc5 Re2 36.g4 Nb1
37.Ne4 Rxh2 38.Nd6 Rf2+ 39.Ke3 Rc2 40.c4 Nc3 41.Kd3 Nd5 42.Rb7 Rg2 43.cxd5 Rxg4
44.Nc4  1-0

[Event "6th Karpov"]
[Site "Poikovsky RUS"]
[Date "2005.03.05"]
[Round "7"]
[White "Sadvakasov,D"]
[Black "Grischuk,A"]
[Result "0-1"]
[WhiteElo "2635"]
[BlackElo "2710"]

1.e4 c5 2.Nf3 d6 3.Bb5+ Nc6 4.O-O Bd7 5.Re1 Nf6 6.c3 a6 7.Bf1 Bg4 8.d3 e6
9.Nbd2 Be7 10.h3 Bh5 11.g4 Bg6 12.Nh4 Nd7 13.Nxg6 hxg6 14.f4 Bh4 15.Re2 g5
16.Nf3 gxf4 17.Nxh4 Qxh4 18.Bxf4 e5 19.Bh2 Nf8 20.a3 Ne6 21.b4 O-O-O 22.Rb1 Nf4
23.Re3 Qe7 24.Kh1 Rh6 25.Bg1 Rdh8 26.Kh2 Nd8 27.bxc5 dxc5 28.g5 Qxg5 29.Rg3 Nde6
30.Be3 Qd8 31.d4 cxd4 32.cxd4 Nxd4 33.Bxf4 exf4 34.Qg4+ Ne6 35.Rc3+ Kb8 36.Qe2 Qd7
37.Qf2 g5 38.Bxa6 Nc5 39.Bf1 Nxe4 40.Qe1 Nxc3  0-1

[Event "Acropolis Women's GM Open"]
[Site "Athens GRE"]
[Date "2005.03.06"]
[Round "1"]
[White "Milliet,S"]
[Black "Petraki,M"]
[Result "1-0"]
[WhiteElo "2309"]
[BlackElo "2128"]

1.e4 c5 2.Nf3 d6 3.Bb5+ Nd7 4.O-O a6 5.Bxd7+ Bxd7 6.c3 Nf6 7.Re1 Bc6 8.d4 cxd4
9.cxd4 Bxe4 10.Nc3 Bc6 11.d5 Bd7 12.Bg5 Qb6 13.Qd2 h6 14.Be3 Qa5 15.b4 Qd8
16.Bd4 e5 17.Nxe5 dxe5 18.Rxe5+ Be7 19.d6 Be6 20.dxe7 Qxe7 21.Bc5 Qd7 22.Qe2 O-O-O
23.Ba7 b5 24.Bb6 Qd3 25.Bxd8 Qxe2 26.Rxe2 Rxd8 27.a4 Bc4 28.Re5 Rd3 29.axb5 Rxc3
30.Rc5+ Kb7 31.bxa6+ Ka7 32.Rc7+ Kb6 33.a7 Kxc7 34.a8=Q Bd5 35.Ra7+ Kd6 36.Qd8+ Ke5
37.h3 Rc1+ 38.Kh2 Rc2 39.Qe7+ Be6 40.Ra5+ Kf4 41.Qd6+  1-0

[Event "TCh-BEL 2004-5"]
[Site "Belgium BEL"]
[Date "2005.03.06"]
[Round "10"]
[White "Dutreeuw,M"]
[Black "L'Ami,E"]
[Result "1/2-1/2"]
[WhiteElo "2352"]
[BlackElo "2531"]

1.e4 c5 2.Nf3 d6 3.Bb5+ Nd7 4.d4 cxd4 5.Qxd4 a6 6.Bxd7+ Bxd7 7.O-O Bc6 8.c4 Nf6
9.Nc3 g6 10.Bg5 Bg7 11.Nd5 O-O 12.Bxf6 exf6 13.Qd2 Re8 14.Rfe1 Rc8 15.Rac1 Bxd5
16.Qxd5 Qb6 17.b3 Re6 18.Rc2 Rce8 19.Rce2 h6 20.Kf1 Qb4 21.Qd3 R6e7 22.g3 Kf8
23.Kg2 Qc5 24.Kf1 h5 25.Qd5 Qxd5 26.exd5 Rxe2 27.Rxe2 Rc8 28.Rc2 f5 29.Ke2 Bf6
30.Kd3 a5 31.Re2 Be7 32.h4 Bf6 33.Ng5 Bd8 34.f4 Be7 35.Nh7+ Ke8 36.Ng5 Kf8
37.Nh7+  1/2-1/2

[Event "ch-RUS u20g"]
[Site "Nojabrsk RUS"]
[Date "2005.03.06"]
[Round "5"]
[White "Chistiakova,T"]
[Black "Pogonina,N"]
[Result "0-1"]
[WhiteElo "2310"]
[BlackElo "2362"]

1.e4 c5 2.Nf3 d6 3.Bb5+ Bd7 4.Bxd7+ Qxd7 5.c4 Nf6 6.Nc3 g6 7.d4 cxd4 8.Nxd4 Bg7
9.O-O O-O 10.Rb1 Nc6 11.Nc2 a6 12.a4 Rac8 13.b3 Qc7 14.Ne3 e6 15.Ba3 Rfd8
16.Qd2 Qa5 17.Rfd1 Nh5 18.Ne2 Qe5 19.f3 Bh6 20.Qd3 f5 21.Kh1 fxe4 22.fxe4 Nf4
23.Nxf4 Qxf4 24.Bc1 Ne5 25.Qc2 Qh4 26.Nf1 Bg7 27.Be3 Ng4 28.Bg1 Be5 29.g3 Qh5
30.Kg2 Nf6 31.Bd4 Qg4 32.Ne3 Qxe4+ 33.Qxe4 Nxe4 34.Bxe5 dxe5 35.Ng4 Nc5 36.Nxe5 Kg7
37.Rf1 Rd2+ 38.Kh3 Re2 39.Nf3 Rf8 40.Rbd1 a5 41.Rfe1 Rxe1 42.Nxe1 Rc8 43.Rb1 Rc6
44.Nf3 Rb6 45.Nd4 Rb4 46.Kg4 Kf6 47.Rf1+ Ke5 48.Nb5 Rxb3 49.Kg5 Rb2 50.h4 Rg2
51.Kh6 Rxg3 52.Kxh7 Rg4 53.Rh1 Kf6 54.Rf1+ Ke7 55.Kg7 Nd7 56.Rf7+ Kd8 57.Nd6 b6
58.Rf1 Rxh4 59.Rd1 Rf4 60.Rd2 g5 61.Kg6 g4 62.Kg5 e5 63.Rg2 Rd4 64.Nb5 Rxc4
65.Rxg4 Rxg4+ 66.Kxg4 Nc5 67.Kf5 e4 68.Nc3 Kc7 69.Nxe4 Nxa4 70.Ke5 Kc6 71.Kd4 Nc5
72.Nd2 a4 73.Kc3 b5 74.Kb4 Nd3+ 75.Kc3 Nf4 76.Kb4 Nd5+ 77.Ka3 Kb6 78.Ne4 Ka5
79.Nd6 b4+ 80.Kb2 Ne3 81.Ka2 b3+ 82.Ka3 Nc2+ 83.Kb2 Kb4  0-1

[Event "Sozina Open"]
[Site "Bar SCG"]
[Date "2005.03.08"]
[Round "5"]
[White "Stojanovic,Da"]
[Black "Lupulescu,C"]
[Result "1/2-1/2"]
[WhiteElo "2450"]
[BlackElo "2552"]

1.e4 c5 2.Nf3 d6 3.Bb5+ Nd7 4.d4 Nf6 5.Nc3 a6 6.Bxd7+ Nxd7 7.O-O e6 8.dxc5 Nxc5
9.Bg5 Qc7 10.a4 b6 11.Nd4 h6 12.Bh4 Bb7 13.Re1 Be7 14.Bxe7 Kxe7 15.f4 Nd7
16.Qg4 g5 17.Rad1 Rag8 18.f5 Nf6 19.Qf3 e5 20.Nd5+ Bxd5 21.exd5 Kf8 22.Nc6 g4
23.Qd3 a5 24.c3 Rg5 25.b4 Kg7 26.Rb1 Qd7 27.Rf1 Re8 28.bxa5 bxa5 29.c4 Rh5  1/2-1/2

[Event "Sozina Open"]
[Site "Bar SCG"]
[Date "2005.03.09"]
[Round "6"]
[White "Lajthajm,B"]
[Black "Rabrenovic,M"]
[Result "1-0"]
[WhiteElo "2457"]
[BlackElo "2287"]

1.e4 c5 2.Nf3 d6 3.Bb5+ Bd7 4.a4 Nc6 5.O-O Nf6 6.Re1 e6 7.c3 a6 8.Bf1 Rc8
9.d4 cxd4 10.Nxd4 Be7 11.Na3 O-O 12.Bg5 Ne5 13.Bh4 Qa5 14.b4 Qd8 15.Qb3 Ng6
16.Bg3 d5 17.f3 dxe4 18.fxe4 Nh5 19.Bf2 Bd6 20.Nc4 Rxc4 21.Qxc4 Ne5 22.Qe2 Nf4
23.Qd1 Qg5 24.g3 Nfg6 25.Bg2 Bb8 26.Nf3 Nxf3+ 27.Qxf3 Ne5 28.Qe3 Qh5 29.h3 Rc8
30.a5 g5 31.Rac1 Bb5 32.c4 Bxc4 33.Rc3 Rc6 34.Rec1 Bb5 35.Rxc6 Bxc6 36.Qb6  1-0

[Event "Acropolis GM Open"]
[Site "Athens GRE"]
[Date "2005.03.10"]
[Round "5"]
[White "Rozentalis,E"]
[Black "Inarkiev,E"]
[Result "1/2-1/2"]
[WhiteElo "2584"]
[BlackElo "2602"]

1.e4 c5 2.Nf3 d6 3.Bb5+ Nc6 4.O-O Bd7 5.d3 g6 6.c3 Nf6 7.Re1 a6 8.Bxc6 Bxc6
9.d4 Bg7 10.d5 Bd7 11.h3 O-O 12.Bf4 Re8 13.Nbd2 b5 14.Qc2 Qb6 15.Rad1 Rad8
16.Nf1 e6 17.dxe6 Bxe6 18.Bg5 h6 19.Bxf6 Bxf6 20.Ne3 Bg7 21.Nd5 Qb8 22.Qd2 Rd7
23.Qf4 Qd8 24.h4 h5 25.Ng5 b4 26.cxb4 Bxb2 27.bxc5 dxc5 28.Nxe6 Rxe6 29.Qg5 Bd4
30.Qxd8+ Rxd8 31.Kf1 Rb8 32.f3 Rb2 33.Re2 Rb7 34.Rc2 Kg7 35.Nf4 Reb6 36.Nd3 Rd6
37.Ke2 Rc7 38.Rc4 Rcd7 39.f4 f6 40.Rb1 Bg1 41.Rb3 Kh6 42.a4 Rd4 43.Rbc3 Re7
44.e5 Rd5 45.Kf3 Bd4 46.Rb3 fxe5 47.fxe5 Rd8 48.Rb6 Bxe5 49.Nxe5 Rxe5 50.g4 Rd3+
51.Kf2 Rd2+ 52.Kf3 Rd3+ 53.Kf2 a5 54.g5+ Kg7 55.Rf4 Rd7 56.Ra6 Red5 57.Rxa5 Rd2+
58.Kg3 R2d3+ 59.Rf3 c4 60.Rc5 R7d4 61.Rc7+ Kg8 62.a5 Rxf3+ 63.Kxf3 c3 64.Rxc3 Rxh4
65.Rc6  1/2-1/2

[Event "TCh-SWE Elitserien 2004-5"]
[Site "Malmo SWE"]
[Date "2005.03.11"]
[Round "9"]
[White "Backelin,R"]
[Black "Olsson,L"]
[Result "1-0"]
[WhiteElo "2304"]
[BlackElo "2332"]

1.e4 c5 2.Nf3 d6 3.Bb5+ Nd7 4.c3 Nf6 5.Qe2 a6 6.Ba4 Qc7 7.O-O c4 8.Bc2 b5
9.a4 Bb7 10.axb5 axb5 11.Na3 Qc5 12.d3 e6 13.Be3 Qc8 14.Nxb5 cxd3 15.Bxd3 Nxe4
16.Rxa8 Bxa8 17.Ra1 Bb7 18.Bf4 Ndf6 19.Na7 Qc7 20.Ba6 Bxa6 21.Qxa6 Be7 22.Nb5 Qd7
23.Qa8+ Bd8 24.Nxd6+ Nxd6 25.Ra7 Nb7 26.Nd4 O-O 27.Qxb7 Qxb7 28.Rxb7 Nd5
29.Bd6 Re8 30.Rb8 Nf6 31.Nc6  1-0

[Event "Sozina Open"]
[Site "Bar SCG"]
[Date "2005.03.12"]
[Round "9"]
[White "Popovic,Du"]
[Black "Mihajlovic,V"]
[Result "1/2-1/2"]
[WhiteElo "2462"]
[BlackElo "2351"]

1.e4 c5 2.Nf3 d6 3.Bb5+ Bd7 4.Bxd7+ Nxd7 5.O-O Ngf6 6.d3 g6 7.Re1 Bg7 8.c3 O-O
9.d4 d5 10.e5 Ne4 11.Nbd2 Nxd2 12.Bxd2 e6 13.Bg5 Qb6 14.Re2 cxd4 15.cxd4 Rac8
16.Rc1 Rc6 17.Rxc6 bxc6 18.Qa4 Rc8 19.Rc2 Bf8 20.Bd2 Qb7 21.Be3  1/2-1/2

[Event "Open"]
[Site "Blackpool ENG"]
[Date "2005.03.12"]
[Round "3"]
[White "Charleshouse,G"]
[Black "Britton,R"]
[Result "1/2-1/2"]
[WhiteElo "2251"]
[BlackElo "2309"]

1.e4 c5 2.Nf3 d6 3.Bb5+ Bd7 4.Bxd7+ Qxd7 5.c4 e5 6.Nc3 Be7 7.O-O Nf6 8.a3 Nc6
9.d3 O-O 10.Nd5 Bd8 11.Rb1 Nxd5 12.cxd5 Ne7 13.b4 Ng6 14.bxc5 dxc5 15.Be3 b6
16.Nd2 f5 17.f3 f4 18.Bf2 Bc7 19.Qb3 Kh8 20.a4 Rae8 21.Qb5 Qxb5 22.axb5 Ne7
23.Nc4 Nc8 24.Ra1 Rf7 25.Ra2 Bb8 26.Be1 Nd6 27.Rb2 Rff8 28.Bc3 Nf7 29.g3 g5
30.Rg2 Rg8 31.Rff2 Rg6 32.gxf4 gxf4 33.h4 Reg8 34.Rxg6 Rxg6+ 35.Rg2 Rxg2+
36.Kxg2 Kg7 37.Kh3 h5  1/2-1/2

[Event "Open"]
[Site "Blackpool ENG"]
[Date "2005.03.12"]
[Round "3"]
[White "Quillan,G"]
[Black "Gormally,D"]
[Result "1/2-1/2"]
[WhiteElo "2322"]
[BlackElo "2472"]

1.e4 c5 2.Nf3 d6 3.Bb5+ Nd7 4.d4 Nf6 5.Nc3 cxd4 6.Qxd4 e5 7.Qd3 h6 8.h3 Be7
9.g4 a6 10.Bxd7+ Bxd7 11.g5 hxg5 12.Bxg5 Rc8 13.Bxf6 Bxf6 14.O-O-O Be6 15.h4 Qa5
16.a3 Rc6 17.Ng5 Bc4 18.Qg3 Ke7 19.Kb1 b5 20.Qe3 Rhc8 21.Qd2 Qb6 22.Rh3 a5
23.Rf3 Qc5 24.Rc1 Qd4 25.Qxd4 exd4 26.Nd5+ Kd7 27.Nh7 d3 28.Nhxf6+ gxf6 29.Rxf6 dxc2+
30.Ka1 Ke8 31.Rh6 f5 32.Rh8+ Kf7 33.Rxc8 Rxc8 34.Nb6 Rc6 35.Nxc4 Rxc4 36.exf5 a4
37.Ka2 Kf6 38.b3 Rc3 39.bxa4 bxa4 40.Kb2 Rb3+ 41.Kxc2 Kxf5 42.Rd1 Rxa3 43.Rxd6 Ra2+  1/2-1/2

[Event "FSGM March"]
[Site "Budapest HUN"]
[Date "2005.03.12"]
[Round "8"]
[White "Greet,A"]
[Black "Szeberenyi,A"]
[Result "0-1"]
[WhiteElo "2389"]
[BlackElo "2357"]

1.e4 c5 2.Nf3 d6 3.Bb5+ Bd7 4.Bxd7+ Qxd7 5.c4 Nf6 6.Nc3 Nc6 7.d4 cxd4 8.Nxd4 g6
9.Nde2 Bg7 10.f3 O-O 11.O-O e6 12.Bg5 h6 13.Bh4 g5 14.Bf2 Rad8 15.Qc2 Ne5
16.b3 d5 17.Rad1 Qc8 18.exd5 exd5 19.c5 Rfe8 20.Nd4 Bf8 21.Nf5 Bxc5 22.Nxh6+ Kg7
23.Nf5+ Kg8 24.Kh1 Bxf2 25.Rxf2 Ng6 26.Nb5 Re5 27.Nbd4 Rde8 28.Qxc8 Rxc8
29.Nd6 Rb8 30.Rc2 Ne8 31.N6f5 Kf8 32.Kg1 Ne7 33.Nxe7 Rxe7 34.Kf2 Nf6 35.Rdc1 Rbe8
36.g3 g4 37.Rc7 Re3 38.R7c3 R3e5 39.Rc8 gxf3 40.Rxe8+ Rxe8 41.Kxf3 Ne4 42.h4 Nd2+
43.Kf2 Ne4+ 44.Kg2 Nd6 45.Kf3 Re4 46.Rd1 Kg7 47.Ne2 Re5 48.Nf4 Ne4 49.Rxd5 Re8
50.Rd7 Nc3 51.Rxb7 Nxa2 52.Rxa7 Nc1 53.Rb7 Rc8 54.b4 Nb3 55.Nd3 Rc3 56.Ke4 Rc4+
57.Ke3 Rc3 58.Ke4 Rc4+ 59.Ke5 Rg4 60.Kf5 Rxg3 61.Ne5 Nd4+ 62.Ke4 Nc2 63.Rxf7+ Kg8
64.Rb7 Rb3 65.Nd3 Rc3  0-1

[Event "ch-RUS u20g"]
[Site "Nojabrsk RUS"]
[Date "2005.03.12"]
[Round "11"]
[White "Tairova,E"]
[Black "Chistiakova,T"]
[Result "1/2-1/2"]
[WhiteElo "2277"]
[BlackElo "2310"]

1.e4 c5 2.Nf3 d6 3.Bb5+ Bd7 4.Bxd7+ Nxd7 5.O-O Ngf6 6.Qe2 Rc8 7.c3 e6 8.d4 cxd4
9.cxd4 d5 10.e5 Ne4 11.Nbd2 Nxd2 12.Bxd2 Be7 13.Rac1 O-O 14.Rxc8 Qxc8 15.Rc1 Qb8
16.Qb5 Nb6 17.b3 Rc8 18.a4 Rxc1+ 19.Bxc1 Qc8 20.Bd2 Qc6 21.Qxc6 bxc6 22.Bc3 f6
23.exf6 gxf6 24.Ne1 Kf7 25.Nd3 Nd7 26.f4 c5 27.b4 cxb4 28.Nxb4 Bd6 29.g3 Nb8
30.Kf2 a5 31.Nd3 Nc6 32.Ke3 Bc7 33.Nc1 h5 34.Ne2 Bb6 35.Kf3 Ne7 36.h3 Nf5
37.g4 hxg4+ 38.hxg4 Nd6 39.Ng3 Nc4 40.Ne2 Bc7 41.Nc1 Ke7 42.Nd3 Na3 43.Nc5 Bb6
44.Nb3 Nc4 45.Kg3 Kf7 46.Kf3 Ke7  1/2-1/2

[Event "Acropolis GM Open"]
[Site "Athens GRE"]
[Date "2005.03.13"]
[Round "8"]
[White "Managadze,N"]
[Black "Nikolaou,G"]
[Result "1-0"]
[WhiteElo "2430"]
[BlackElo "2286"]

1.e4 c5 2.Nf3 d6 3.Bb5+ Nd7 4.c3 Nf6 5.Qe2 a6 6.Ba4 e6 7.O-O Be7 8.d4 O-O
9.Bc2 e5 10.dxe5 Nxe5 11.h3 Be6 12.Nxe5 dxe5 13.a4 b5 14.axb5 axb5 15.Rxa8 Qxa8
16.Qxb5 Nxe4 17.Qe2 Nd6 18.Qxe5 Nc4 19.Qe2 Rb8 20.b3 Na5 21.Bf4 Re8 22.Nd2 g6
23.Ra1 Bd7 24.Be4 Qa7 25.Qd3 Rd8 26.Qg3 Bb5 27.c4 Be8 28.Qc3  1-0

[Event "ch-Privolzhsky Region"]
[Site "Ishevsk RUS"]
[Date "2005.03.17"]
[Round "2"]
[White "Kalegin,E"]
[Black "Smirnov,Alexey"]
[Result "1/2-1/2"]
[WhiteElo "2468"]
[BlackElo "2335"]

1.e4 c5 2.Nf3 d6 3.Bb5+ Bd7 4.Bxd7+ Qxd7 5.O-O Nf6 6.e5 dxe5 7.Nxe5 Qc7 8.d4 e6
9.Bf4 Qc8 10.Nc3 Be7 11.d5 exd5 12.Nxd5 Nxd5 13.Qxd5 O-O 14.Rfe1 Bf6 15.Rad1 h6
16.Ng6 Re8 17.Be5 Nd7 18.Qxd7 Qxd7 19.Rxd7 fxg6 20.f4 b6 21.Kf2 Bxe5 22.Rxe5 Rxe5
23.fxe5 Re8 24.Rd5 Kf7 25.Ke3 Ke7 26.a4 g5 27.a5 Rf8 28.axb6 axb6 29.Rd6 Rf5
30.Rxb6 Rxe5+ 31.Kd3 Rf5 32.Rg6 Kf7 33.Rc6 g4 34.Ke3 h5 35.c3 Ke7 36.b4 cxb4
37.cxb4 Rb5 38.Rc4 Kd6 39.Kd3 Rf5 40.Rc2 g3 41.hxg3 Rg5 42.Kc4 Kc6 43.Rc3 Rg4+
44.Kb3+ Kb5 45.Rc5+ Kb6 46.Ka4 Rxg3 47.Rc2 h4 48.Re2 Rg6 49.Rd2 Rf6 50.Rd4 Rg6
51.Rxh4 Rxg2 52.Re4 Rg6 53.Rf4 Rg1 54.Rf8 Ra1+ 55.Kb3 Rb1+ 56.Kc3 Rc1+ 57.Kb2 Rg1
58.Re8 Rg3 59.Re5 g5 60.Kc2 g4  1/2-1/2

[Event "II Copa ENTEL"]
[Site "Santiago CHI"]
[Date "2005.03.17"]
[Round "6"]
[White "Felgaer,R"]
[Black "Vasquez,R"]
[Result "1-0"]
[WhiteElo "2588"]
[BlackElo "2561"]

1.e4 c5 2.Nf3 d6 3.Bb5+ Bd7 4.Bxd7+ Qxd7 5.O-O Nc6 6.c3 Nf6 7.d4 cxd4 8.cxd4 d5
9.e5 Ng8 10.Nc3 e6 11.Ne2 Nge7 12.Ng3 Nf5 13.Nh5 O-O-O 14.g4 Nfe7 15.Be3 Ng8
16.Ne1 f6 17.f4 f5 18.gxf5 exf5 19.Nd3 g6 20.Ng3 Nh6 21.Qf3 Nf7 22.Ne2 Kb8
23.Kh1 Be7 24.Nc3 Qe6 25.Rab1 Nb4 26.Ne1 Rd7 27.a3 Nc6 28.Nc2 Rc8 29.Bg1 Bd8
30.b4 Ne7 31.Rb3 Bb6 32.a4 Rc4 33.a5 Bd8 34.Na3 Rc8 35.Na4 b6 36.Rfb1 Nc6
37.Nb5 Rb7 38.Nbc3 Ne7 39.axb6 axb6 40.Ra1 Kc7 41.Nb2 Kd7 42.Ra6 Ke8 43.Nba4 Qc6
44.Nc5 Rbb8 45.b5 Qc7 46.Nxd5 Nxd5 47.Qxd5 bxc5 48.dxc5 Be7 49.c6 Qd8 50.Qf3 Qd2
51.b6 Bd8 52.b7 Bc7 53.bxc8=Q+ Rxc8 54.Rd3 Qe1 55.Rd1 Qb4 56.Rd7  1-0